Library Banner

Ahkaam-e-Alamgeri (Urdu)(احکام عالمگیری) (Record no. 38729)

MARC details
000 -LEADER
fixed length control field 00716nam a2200205Ia 4500
001 - CONTROL NUMBER
control field 39420
003 - CONTROL NUMBER IDENTIFIER
control field OSt
005 - DATE AND TIME OF LATEST TRANSACTION
control field 20150622112522.0
008 - FIXED-LENGTH DATA ELEMENTS--GENERAL INFORMATION
fixed length control field 140423s9999 xx 000 0 und d
020 ## - INTERNATIONAL STANDARD BOOK NUMBER
International Standard Book Number NA
040 ## - CATALOGING SOURCE
Transcribing agency PK-LaUMT
082 ## - DEWEY DECIMAL CLASSIFICATION NUMBER
Classification number 954.0258
Item number HAM-A
100 ## - MAIN ENTRY--PERSONAL NAME
Personal name Hameed ud Din Khan(حمید الدین خان )
245 ## - TITLE STATEMENT
Title Ahkaam-e-Alamgeri (Urdu)(احکام عالمگیری)
Statement of responsibility, etc Hameed ud Din Khan<>Khalid Hasan Qadri(حمید الدین خان ، خالد حسن قادری)
260 ## - PUBLICATION, DISTRIBUTION, ETC. (IMPRINT)
Place of publication, distribution, etc Lahore,Pakistan:(لاہور، پاکستان )
Name of publisher, distributor, etc Idarah-e-Sikaft-e-Islamia,(ادارہ ثقافت اسلامیہ)
Date of publication, distribution, etc 1993
300 ## - PHYSICAL DESCRIPTION
Extent 185 p.
546 ## - LANGUAGE NOTE
Language note UR
700 ## - ADDED ENTRY--PERSONAL NAME
Personal name Khalid Hasan Qadri
942 ## - ADDED ENTRY ELEMENTS (KOHA)
Koha item type Books
Source of classification or shelving scheme Dewey Decimal Classification
Holdings
Withdrawn status Lost status Damaged status Not for loan Home library Current library Date acquired Total Checkouts Full call number Barcode Date last seen Price effective from Koha item type
        UMT Main Campus UMT Main Campus 2014-04-23   954.0258 HAM-A 42174 2015-06-22 2014-05-05 Books